Proyectos tipificados de viviendas
El presente trabajo versa sobre provectos tipificados del sector vivienda para área urbana, es un tema sugerido por el MICONS (Ministerio de la Construcción). El estudio contiene todos los suficientes criterios y análisis para proyectar una vivienda accesible a las clases favorecidas, que por sus...
| Main Authors: | , |
|---|---|
| Other Authors: | |
| Format: | Tesis Section = Libro |
| Language: | Undetermined Spanish |
| Published: |
Managua
Universidad Nacional Autónoma de Nicaragua (UNAN)
1984
|
| Subjects: |
| LEADER | 01156nam a2200241Ia 4500 | ||
|---|---|---|---|
| 008 | 240830s9999 xx 000 0 und d | ||
| 040 | |a BIBLIOTECA-RUSB/ Mon 728.1 B976 | ||
| 041 | |a spa | ||
| 082 | |a Mon 728.1 B976 | ||
| 100 | 1 | |a Bustos Pérez, Armando José | |
| 100 | 1 | |b Arana, José Javier | |
| 245 | 1 | 0 | |a Proyectos tipificados de viviendas |
| 260 | |a Managua |b Universidad Nacional Autónoma de Nicaragua (UNAN) |c 1984 | ||
| 300 | |a p. irreg. :il. | ||
| 502 | |a Tesis (Arquitecto) - Universidad Nacional Autónoma de Nicaragua (UNAN), 1984. | ||
| 520 | 3 | |a El presente trabajo versa sobre provectos tipificados del sector vivienda para área urbana, es un tema sugerido por el MICONS (Ministerio de la Construcción). El estudio contiene todos los suficientes criterios y análisis para proyectar una vivienda accesible a las clases favorecidas, que por sus mismas limitaciones económicas no ven satisfechas sus necesidades básicas. | |
| 650 | 7 | |a VIVIENDAS ECONOMICAS | |
| 650 | 7 | |b MATERIALES DE CONSTRUCCION | |
| 650 | 7 | |c ARQUITECTURA I | |
| 700 | 1 | |a Tutor: |b Santana Chávez, José M. | |
| 942 | |c BK |2 ddc | ||
| 991 | |a TESIS | ||
| 999 | |c 21448 | ||